000 00340nam a2200133Ia 4500
008 220217s9999||||xx |||||||||||||| ||und||
020 _a81-88114-43-X
082 _a629.8 CHA
100 _aChauhan, R.S
245 0 _aLinear control systems
260 _aUmesh publications
_bDelhi
_c2004
300 _b145
650 _aCONTROL SYSTEM
999 _c173903
_d173903